LEADER 01079nam0 2200253 450 001 000023726 005 20090302100648.0 100 $a20090302d1978----km-y0itay50------ba 101 0 $aeng$acze 102 $aCZ 105 $aa-------101yy 200 1 $aElectromagnetic field of the Earth$eproceeding of the symposium on the occasion of the 75th anniversary of the Hurbanovo Geomagnetic Observatory, Hurbanovo and Smolenice, October 8-10, 1975$fedited by M. Hvozdara 210 $aBratislava$cVeda, Pub. House of the Slovak Academy of Sciences$d1978 215 $a193 p.$cill.$d24 cm 500 10$aElectromagnetic field of the Earth$944557 610 1 $aMagnetismo terrestre$aOsservazioni 676 $a538$v18$9Magnetismo 702 1$aHvozdara,$bMilan$4070 710 12$aAnniversary of the Hurbanovo Geomagnetic Observatory$d<75. ;$f1975 ;$eHurbanovo and Smolenice>$4070$0633137 801 0$aIT$bUNIPARTHENOPE$c20090302$gRICA$2UNIMARC 912 $a000023726 951 $aS 538/7$bS A, 803$cDSA$d2009 996 $aElectromagnetic field of the Earth$944557 997 $aUNIPARTHENOPE LEADER 02080nam1 22004333i 450 001 BVEE059450 005 20170908093230.0 100 $a20130709d1741 ||||0itac50 ba 101 | $alat 102 $ait 181 1$6z01$ai $bxxxe 182 1$6z01$an 200 1 $aCommentarius litteralis et moralis in omnes epistolas sancti Pauli apostoli, et in 7. epistolas catholicas, auctore r.p.f. Natali Alexandro ... Tomus primus [-tertius] 210 $aNeapoli$capud Jo. Baptistam De Blasiis$d1741-1742 215 $a3 v.$d4o 300 $aFregio sui front 300 $aEditore del tomo 2. e 3.: ex Typographia Blasiana 300 $aIniziali xil. 463 1$1001BASE018923$12000 $a3$v3 463 1$1001BVEE059451$12000 $a1 /1741$v1 463 1$1001BVEE059452$12000 $a2$v2 620 $dNapoli$3TO0L002386 700 1$aAlexandre$b, Noël$f <1639-1724>$3MILV174677$4070$0669360 712 02$aDe Blasi, Giovanni Battista$3BVEV111940$4650 712 02$aBiase$3RMSV439136$4650 790 1$aAlexandrus$b, Natalis$3CFIV315131$zAlexandre, Noël <1639-1724> 790 1$aNatali$b, Alessandro$f <1639-1724>$3SBNV016405$zAlexandre, Noël <1639-1724> 791 02$aStamperia Blasiana$3SBNV004041$zBiase 791 02$aBlasiana$c $3SBNV004042$zBiase 791 02$aTypographia Blasiana$3SBNV004927$zBiase 791 02$aTipografia Blasiana$3SBNV005068$zBiase 801 3$aIT$bIT-NA0079$c20130709 850 $aIT-NA0001$aIT-NA0079 912 $aBVEE059450 950 1$aBiblioteca Conventuale Sant'Antonio di Afragola$c1 v.$d 72ANTICO 15.G 26$c1 v.$d 72ANTICO 15.G 27$c1 v.$d 72ANTICO 15.G 28 950 1$aBiblioteca Nazionale Vittorio Emanuele III$bv. 1-2$cv. 1$d BNV.F. 3 C 22$bv. 1-2$cv. 2$d BNV.F. 3 C 23 977 $a 72$a BN 996 $aCommentarius litteralis et moralis in omnes epistolas sancti Pauli apostoli, et in 7. epistolas catholicas, auctore r.p.f. Natali Alexandro ... Tomus primus$91482340 997 $aUNISANNIO